| 000 | 00614nam a22001697a 4500 | ||
|---|---|---|---|
| 999 |
_c15695 _d15695 |
||
| 008 | 201022b ||||| |||| 00| 0 eng d | ||
| 020 | _a1980 | ||
| 082 |
_21980 _aDFil 808.84 _bR14 |
||
| 100 |
_aRamos, Maximo D. _942468 |
||
| 245 |
_aReading and writing the essay: _bessays from the world over including the biography and related forms/ _cMaximo D. Ramos and Florentino B. Valeros |
||
| 250 | _a3rd ed., rev. and enl. | ||
| 260 |
_aQuezon City: _bPhoenix Pub. House, _c©1980. |
||
| 300 |
_avii, 385 pages; _c25 cm. |
||
| 650 |
_aEssays. _913575 |
||
| 700 |
_aValeros, Florentino B. _942469 |
||
| 942 |
_2ddc _cDFIL |
||